[Event "OP-2019-0-04790"]
[Site "LSS email"]
[Date "2019.06.09"]
[Round "?"]
[White "Krol, Piotr"]
[Black "Valiente, Juan"]
[Result "0-1"]
[WhiteElo "1278"]
[BlackElo "1678"]
[PlyCount "20"]
[EventDate "2019.05.31"]
[EventType "tourn (corr)"]
[EventRounds "4"]
[EventCountry "GER"]
[SourceTitle "Corr 2022"]
[Source "ChessBase"]
[SourceDate "2021.10.24"]
[SourceVersion "1"]
[SourceVersionDate "2021.10.24"]
[SourceQuality "1"]

1. d4 d5 2. Bf4 e6 3. e3 Bd6 4. Bg3 h5 5. Nd2 Nd7 6. Bd3 h4 7. Bxd6 cxd6 8. Qg4 Qf6 9. f4 e5 10. fxe5 dxe5 0-1

[Event "OP-2019-0-04789"]
[Site "LSS email"]
[Date "2019.06.08"]
[Round "?"]
[White "Berk, Ozan"]
[Black "Krol, Piotr"]
[Result "0-1"]
[WhiteElo "904"]
[BlackElo "1278"]
[PlyCount "26"]
[EventDate "2019.05.28"]
[EventType "tourn (corr)"]
[EventRounds "4"]
[EventCountry "GER"]
[SourceTitle "Corr 2022"]
[Source "ChessBase"]
[SourceDate "2021.10.24"]
[SourceVersion "1"]
[SourceVersionDate "2021.10.24"]
[SourceQuality "1"]

1. b3 d5 2. Bb2 c5 3. Nf3 Nc6 4. e3 Bg4 5. d4 Nf6 6. c4 e6 7. Be2 cxd4 8. Nxd4 Bb4+ 9. Bc3 Bxe2 10. Qxe2 Nxd4 11. exd4 Bxc3+ 12. Nxc3 dxc4 13. bxc4 Qxd4 0-1